Matematika pre 2. ročník špeciálnej základnej školy 1. časť

Bibliographic Details
Main Author: Rýglová, Janka (Author)
Other Authors: Kováčik, Ivan (Illustrator)
Format: Book
Language:Slovak
PhysicalDescription:127 s. fareb. ilustr. 30 cm
Published: Bratislava Slovenské pedagogické nakladateľstvo - Mladé letá 2014
ISBN:9788010026180
Edition:15. vyd.
Subjects:

MARC

LEADER 00000cam a2200000 a 4500
001 vtls010616351
003 SK-MaSNL
005 20260301215211.0
008 240315s2014 xo a b 000 0 slo
015 |a SNBA2014/09 
020 |a 9788010026180  |q (brož.) 
035 |a 1A7D2B09-750D-416A-81AF-F19B94A9D32E 
035 |a urn:nbn:sk:snk-am3h69g 
035 |a urn:nbn:sk:snk-am008ktv 
040 |a SNK  |b slo  |c SNK  |e AACR2 
041 0 |a slo 
044 |a xo  |c SK 
072 7 |a 51  |x Matematika  |2 konspekt 
072 7 |a 373.2/.3  |x Predškolská a primárna výchova a vzdelávanie  |2 konspekt 
080 |a 51  |2 2001 
080 |a (075.2)  |2 2001 
100 1 |a Rýglová, Janka  |4 aut  |9 46633 
245 1 0 |a Matematika  |b pre 2. ročník špeciálnej základnej školy  |n 1. časť  |c [autorka: Janka Rýglová ; ilustrácie: Ivan Kováčik] 
250 |a 15. vyd. 
260 |a Bratislava  |b Slovenské pedagogické nakladateľstvo - Mladé letá  |c 2014 
300 |a 127 s.  |b fareb. ilustr.  |c 30 cm 
500 |a Názov z obalu 
650 0 7 |a matematika  |2 SNKPH  |9 70174 
650 0 7 |a Mathematics  |2 SNKPHeng  |9 265620 
655 7 |a učebnice špeciálnych základných škôl  |2 SNKPH  |9 70204 
655 7 |a Textbooks (elementary)  |2 SNKPHeng  |9 276977 
700 1 |a Kováčik, Ivan  |4 ill  |9 6562 
852 |a Štátna vedecká knižnica v Banskej Bystrici 
919 |a 978-80-10-02618-0 
999 |c 927236  |d 929166 
952 |a SNK  |b SNK  |y PREZ  |7 0  |p 17A1121072  |o snkSB 87073/1  |i snk2014/19073  |8 0  |0 0  |1 0  |4 0  |d 2014-09-18  |f 1  |l 0  |r 2025-05-07 00:00:00  |w 2026-02-24 
952 |a SNK  |b SNK  |y VYP  |7 0  |p 17A1121071  |o snkSB 87073/1 D1  |i snk2014/19075  |8 0  |0 0  |1 0  |4 0  |d 2014-09-18  |l 0  |r 2016-06-30 00:00:00  |w 2026-02-24